000 00729na a2200241 4500
001 14066
003 MIRAKIL
005 20181213155022.0
008 160908b tu 000 0
020 _a9759882701
035 _a14066
040 _aMilas
_btur
_cTR-AnCHP
082 _a923.33 Bayraktar,H.
_bB29ş 2004
090 _a923.33 Bayraktar,H. B29ş 2004
100 _aBayraktar, Hüseyin
245 _aŞansı arayacak vaktim olmadı
_böz yaşam öyküsü
_cHüseyin Bayraktar
246 _böz yaşam öyküsü
260 _aİstanbul
_bBayraktar Kültür Yayınları
_c2004
300 _a304 s.
_bfotg.
_c21 sm.
600 _aBayraktar, Hüseyin
_xYaşamöyküsü
650 _aİş adamları
942 _2ddc
_cBKS
999 _c4924
_d4924